000 00714cam a22002533a 4500
001 18986
003 PGUSA
005 20140828083413.0
008 060803s2006||||xxu|||||s|||||000 | eng d
040 _aPGUSA
_beng
042 _adc
050 4 _aQH
100 1 _aBose, Jagadis Chandra,
_cSir,
_d1858-1937
245 1 0 _aResponse in the Living and Non-Living
_h[electronic resource] /
_cJagadis Chandra, Bose
260 _bProject Gutenberg,
_c2006
506 _aPublic domain in the USA.
516 _aElectronic text
653 _aFatigue
653 _aIrritability
653 _aElectrophysiology
830 0 _aProject Gutenberg
_v18986
856 4 0 _uhttp://www.gutenberg.org/ebooks/18986
942 _cEB
999 _c248241
_d248241